000 00300nam a2200133Ia 4500
008 231129s1980||||xx |||||||||||||| ||spa||
040 _bspa
082 _aB869 R175
100 _aRamos Graciliano
245 0 _aSan Bernardo : novela
260 _c1980
264 _aMonte Avila
942 _2ddc
_cBKS
999 _c24291
_d24291